| 000 | 00706nam a2200217 i 4500 | ||
|---|---|---|---|
| 001 | 124567 | ||
| 003 | ES-MaACL | ||
| 005 | 20250813062628.0 | ||
| 007 | t| | ||
| 008 | 070330s1944 sp ||||1| spa d | ||
| 080 | _a38:6.0023 | ||
| 100 | 1 |
_aMaurette, Fernand. _979243 |
|
| 245 | 1 | 4 |
_aLos grandes mercados de materias primas / _cFernand Maurette ; traducción de la octava edición francesa por Joaquina Comas de Candel. |
| 260 |
_aBarcelona : _bLabor, _c[1944] |
||
| 300 |
_a218 p., map. intercal. : _bil. ; _c17 cm. |
||
| 490 | 1 |
_aColección Labor ; _v415 |
|
| 700 | 0 |
_aComas, Joaquina. _939934 |
|
| 830 | 0 | 0 |
_aColección Labor _v415 _9184254 |
| 852 |
_aES-MaACL _jE-2876 |
||
| 999 |
_c124567 _d124567 |
||